ORGANIC CHEMISTRY (Record no. 8073)

MARC details
000 -LEADER
fixed length control field 00431nam a22001817a 4500
005 - DATE AND TIME OF LATEST TRANSACTION
control field 20230110114209.0
008 - FIXED-LENGTH DATA ELEMENTS--GENERAL INFORMATION
fixed length control field 221216b |||||||| |||| 00| 0 eng d
020 ## - INTERNATIONAL STANDARD BOOK NUMBER
ISBN 978-93-539-4845-0
041 ## - LANGUAGE CODE
Language code of text/sound track or separate title eng
082 ## - DEWEY DECIMAL CLASSIFICATION NUMBER
Classification number 547 BRU-O
100 ## - MAIN ENTRY--AUTHOR NAME
Personal name BRUICE ,PAULA YURKANIS
245 ## - TITLE STATEMENT
Title ORGANIC CHEMISTRY
250 ## - EDITION STATEMENT
Edition statement 8th ed.
260 ## - PUBLICATION, DISTRIBUTION, ETC. (IMPRINT)
Name of publisher PEARSON
300 ## - PHYSICAL DESCRIPTION
Number of Pages 1360;P.
650 ## - SUBJECT ADDED ENTRY--TOPICAL TERM
Topical Term PHARMACY
General subdivision D.PHARMA
942 ## - ADDED ENTRY ELEMENTS (KOHA)
Koha item type Books
Holdings
Lost status Damaged status Collection code Home library Current library Shelving location Date acquired Source of acquisition Cost, normal purchase price Full call number Accession Number Koha item type
    PHARMACY JRU Library JRU Library SHELF-17-A 19/10/2022 LOHIA BOOK INTERNATIONAL 1165.00 547-BRU-O 26956 Books
    PHARMACY JRU Library JRU Library SHELF-5-A-[REFERENCE] 19/10/2022 LOHIA BOOK INTERNATIONAL 1165.00 547-BRU-O 26957 Books
    PHARMACY JRU Library JRU Library SHELF-17-A 19/10/2022 LOHIA BOOK INTERNATIONAL 1165.00 547-BRU-O 26958 Books